<?xml version="1.0" encoding="UTF-8"?>
<collection xmlns="http://www.loc.gov/MARC21/slim">
 <record>
  <leader>01504ntm a22003255a 4500</leader>
  <controlfield tag="001">EUN.eunm004232</controlfield>
  <controlfield tag="005">20160407145955.0</controlfield>
  <controlfield tag="008">120904s2012####ag#######bm###000#0#spa#d</controlfield>
  <datafield tag="082" ind1="0" ind2="4">
   <subfield code="a">040</subfield>
   <subfield code="2">15</subfield>
  </datafield>
  <datafield tag="082" ind1="0" ind2="4">
   <subfield code="a">583.55</subfield>
   <subfield code="2">19</subfield>
  </datafield>
  <datafield tag="100" ind1="1" ind2=" ">
   <subfield code="a">Garayalde, Antonio Francisco.</subfield>
   <subfield code="4">dis</subfield>
  </datafield>
  <datafield tag="245" ind1="1" ind2="0">
   <subfield code="a">Variabilidad en poblaciones argentinas de girasol silvestre, Helianthus annuus mediante marcadores ISSR, SSR y génicos /</subfield>
   <subfield code="c">Antonio Francisco Garayalde.</subfield>
  </datafield>
  <datafield tag="260" ind1=" " ind2=" ">
   <subfield code="c">2012.</subfield>
  </datafield>
  <datafield tag="300" ind1=" " ind2=" ">
   <subfield code="a">xviii, 135 h. :</subfield>
   <subfield code="b">il. col. ;</subfield>
   <subfield code="c">30 cm.</subfield>
  </datafield>
  <datafield tag="500" ind1=" " ind2=" ">
   <subfield code="a">&quot;Tesis de Doctorado en Biología&quot;.</subfield>
  </datafield>
  <datafield tag="500" ind1=" " ind2=" ">
   <subfield code="a">Director de tesis: Alicia Delia Carrera; co-director: María Mónica Poverene.</subfield>
  </datafield>
  <datafield tag="502" ind1=" " ind2=" ">
   <subfield code="a">Tesis (doctoral)--Universidad Nacional del Sur. Departamento de Biología, Bioquímica y Farmacia, 2012.</subfield>
  </datafield>
  <datafield tag="504" ind1=" " ind2=" ">
   <subfield code="a">Incluye referencias bibliográficas.</subfield>
  </datafield>
  <datafield tag="530" ind1=" " ind2=" ">
   <subfield code="a">Disponible también en formato digital.</subfield>
  </datafield>
  <datafield tag="650" ind1=" " ind2="7">
   <subfield code="a">Botánica.</subfield>
   <subfield code="2">unbist</subfield>
  </datafield>
  <datafield tag="650" ind1=" " ind2="7">
   <subfield code="a">Asteraceae</subfield>
  </datafield>
  <datafield tag="650" ind1=" " ind2="7">
   <subfield code="a">Girasoles.</subfield>
   <subfield code="2">unbist</subfield>
  </datafield>
  <datafield tag="650" ind1=" " ind2="7">
   <subfield code="a">Fitogenética.</subfield>
   <subfield code="2">unbist</subfield>
  </datafield>
  <datafield tag="651" ind1=" " ind2="7">
   <subfield code="a">Argentina.</subfield>
   <subfield code="2">unbist</subfield>
  </datafield>
  <datafield tag="700" ind1="1" ind2=" ">
   <subfield code="a">Carrera, Alicia Delia.</subfield>
   <subfield code="4">ths</subfield>
  </datafield>
  <datafield tag="700" ind1="1" ind2=" ">
   <subfield code="a">Poverene, María Mónica.</subfield>
   <subfield code="4">ths</subfield>
  </datafield>
  <datafield tag="710" ind1="2" ind2=" ">
   <subfield code="a">Universidad Nacional del Sur.</subfield>
   <subfield code="b">Departamento de Biología, Bioquímica y Farmacia</subfield>
   <subfield code="4">dgg.</subfield>
  </datafield>
  <datafield tag="856" ind1="4" ind2="1">
   <subfield code="3">Resumen, abstract y bibliografía</subfield>
   <subfield code="u">http://repositoriodigital.uns.edu.ar/handle/123456789/2279</subfield>
  </datafield>
  <datafield tag="859" ind1=" " ind2=" ">
   <subfield code="a">AR-BaUNS</subfield>
   <subfield code="b">BIB. CENTRAL - Tesis</subfield>
   <subfield code="h">040</subfield>
   <subfield code="i">B148 2012-1164</subfield>
   <subfield code="k">R</subfield>
   <subfield code="p">123166/012</subfield>
  </datafield>
  <datafield tag="859" ind1=" " ind2=" ">
   <subfield code="a">AR-BaUNS</subfield>
   <subfield code="b">BIB. CENTRAL - Sector A - Tesis</subfield>
   <subfield code="h">040</subfield>
   <subfield code="i">B148 2012-1164</subfield>
   <subfield code="p">123167/012</subfield>
  </datafield>
 </record>
</collection>
